00273nam a2200121Ia 4500008004100000100000900041245003500050260002100085300000900106650001200115942000700127999001700134190216s9999||||xx |||||||||||||| ||und|| aNull 0aSimple Study To 1stpdc Physics bD C Heath And Co a171p aPhysics cBK c33092d33092